| 000 | 01583nam a22001457a 4500 | ||
|---|---|---|---|
| 020 | _a9505771924 | ||
| 080 | _a342 F 119 | ||
| 245 |
_aLecciones de Derecho Constitucional: _bmetodologia, basamento Historico filosofico. principios rectores |
||
| 260 |
_aBuenos Aires: _bEditorial de Belgrano, _c1997 |
||
| 300 | _a254 P. | ||
| 650 |
_xderecho constitucional _xconstitucionalismo clasico _xestado de derecho _xfuentes _xantecedentes _xacuerdo san Nicolas de los Arroyos _xpacto de San Jose de Flores _xpreambulo _xcontrol de constitucionalidad _xcaso Cullen c/ Llerena _xsupremacia constitucional _xart. 75 inc 22 y 24 _xrecurso extraordinario _xcaso Marbury vs. Madison _xcontrol politico _xcontrol mixto _xcontrol judicial _xcontrol de constitucionalidad de oficio _xart. 1 _xrepresentacion politica _xart. 22 _xconsulta popular _xfederalismo _xfederalismo argentino _xprovincias _xautonomia _xart. 13 _xart. 75 inc. 15 _xart. 127 _xconflictos interprovinciales _xcoparticipacion _xart. 75 inc. 2 y 3 _xrecursos naturales _xgarantia federal _xintervencion federal _xart. 75 inc. 31 _xart. 99 inc. 20 _xregimen municipal _xreforma constitucional _xclausulas petreas _xjurisprudencia _xcaso Rios _xcaso Polino _xcaso Romero Feris _xlibertad de expresion _xlibertad de prensa _xcensura previa _xcaso Verbitsky _xcaso Servini de Cubria _xart. 32 _xcaso Batalla _xderecho a replica _xcaso Ekmedjian c/ Sofovich _xcaso Alejandro Moreno _xderecho al honor _xcaso Campillay _xpacto federal 1831 _xprotocolo de Palermo |
||
| 700 |
_aFacorro, Susana J. _eBaigorria, Claudia E: _eVittadini Andres, Susana N. |
||
| 942 | _6_ | ||
| 945 |
_acd _d2023-12-29 |
||
| 999 |
_c5362 _d235866 |
||